Hồ Chí Minh - Biên niên tiểu sử
Hồ Chí Minh - Biên niên tiểu sử, tập 5 ghi lại những hoạt động vô cùng phong phú của chủ tịch Hồ Chí Minh từ năm 1951 đếnnăm 1954.
Saved in:
| Main Author: | |
|---|---|
| Format: | Book |
| Language: | Undetermined |
| Published: |
Hà Nội
Chính trị Quốc gia
1995
|
| Subjects: | |
| Tags: |
Add Tag
No Tags, Be the first to tag this record!
|
| Institutions: | Trung tâm Học liệu Trường Đại học Cần Thơ |
|---|
| LEADER | 00921nam a2200229Ia 4500 | ||
|---|---|---|---|
| 001 | CTU_223947 | ||
| 008 | 210402s9999 xx 000 0 und d | ||
| 082 | |a 959.704092 | ||
| 082 | |b K600/T.5 | ||
| 100 | |a Đặng, Xuân Kỳ | ||
| 245 | 0 | |a Hồ Chí Minh - Biên niên tiểu sử | |
| 245 | 0 | |c Đặng Xuân Kỳ (Tổng chủ biên) | |
| 260 | |a Hà Nội | ||
| 260 | |b Chính trị Quốc gia | ||
| 260 | |c 1995 | ||
| 520 | |a Hồ Chí Minh - Biên niên tiểu sử, tập 5 ghi lại những hoạt động vô cùng phong phú của chủ tịch Hồ Chí Minh từ năm 1951 đếnnăm 1954. | ||
| 650 | |a Communists,Chủ tịch Hồ Chí Minh,Presidents,Presidents | ||
| 650 | |x Tiểu sử | ||
| 650 | |z Vietnam,Vietnam (Democratic Republic) | ||
| 904 | |i Năm | ||
| 910 | |b dqhieu | ||
| 980 | |a Trung tâm Học liệu Trường Đại học Cần Thơ | ||